000 00454nam a2200157Ia 4500
005 20250508160029.0
008 008 250505s9999 xx 000 0 eng d
037 _aBooks to be hide in OPAC
040 _aFEDL
_beng
_cFEDL
041 _aeng
_2eng
084 _a379.4354, NEW/O
_qFEDL
245 0 _aAnnual report of the schools of New brunswick 1909-10
300 _a163p.
942 _cHB
_h379.4354, NEW/O
999 _c1361203
_d1361203